Australia vs England Test Cricket Playing XIs 2021/22 - Statistics

General Stats
  • This quiz has been taken 74 times
  • The average score is 26 of 32
Answer Stats
Hint Answer % Correct
Batsman Steve Smith
98%
Batsman (c) Steve Smith
98%
Bowler Mitchell Starc
97%
Batsman (c) Joe Root
95%
Bowler (c) Pat Cummins
95%
All-Rounder Ben Stokes
94%
Bowler James Anderson
92%
Bowler Nathan Lyon
92%
Bowler Stuart Broad
92%
Wicket Keeper Alex Carey
90%
Batsman David Warner
90%
Batsman Jonny Bairstow
89%
Wicket Keeper Jos Buttler
89%
Bowler Josh Hazlewood
89%
Batsman Marnus Labuschagne
89%
Batsman Travis Head
87%
All-Rounder Cameron Green
85%
Bowler Scott Boland
84%
Batsman Ollie Pope
82%
Batsman Usman Khawaja
82%
Batsman Zak Crawley
82%
Bowler Mark Wood
77%
Batsman Rory Burns
77%
All-Rounder Chris Woakes
76%
Bowler Jack Leach
71%
Batsman Haseeb Hameed
68%
Batsman Dawid Malan
63%
Batsman Marcus Harris
61%
Bowler Ollie Robinson
60%
All-Rounder Michael Neser
56%
Bowler Jhye Richardson
52%
Wicket Keeper Sam Billings
47%
No matching quizzes found
Score Distribution
Percent of People with Each Score
Percentile by Number Answered
Your Score History
You have not taken this quiz